[Event "ESP-ch States U16"]
[Site "Isla"]
[Date "2022.06.23"]
[Round "2"]
[White "Cebolla Ruiz, Anna"]
[Black "Antich Fernandez, Marta Isabel"]
[Result "0-1"]
[WhiteElo "1260"]
[BlackElo "1774"]
[PlyCount "94"]
[EventDate "2022.06.23"]
[EventType "swiss"]
[EventRounds "6"]
[EventCountry "ESP"]
[SourceTitle "EXT 2023"]
[Source "ChessBase"]
[SourceDate "2022.10.05"]
[SourceVersion "1"]
[SourceVersionDate "2022.10.05"]
[SourceQuality "1"]

1. d4 e6 2. c4 d5 3. Nc3 c5 4. cxd5 exd5 5. Nf3 Nc6 6. dxc5 d4 7. Na4 Bxc5 8. Nxc5 Qa5+ 9. Bd2 Qxc5 10. Rc1 Qb6 11. e3 dxe3 12. Bxe3 Qxb2 13. Bc4 Qb4+ 14. Bd2 Qe7+ 15. Be3 Be6 16. 0-0 Nf6 17. Bg5 0-0 18. Re1 Rfd8 19. Qa4 Nd4 20. Nxd4 Rxd4 21. Qb3 Bxc4 22. Rxe7 Bxb3 23. Bxf6 gxf6 24. axb3 Rad8 25. g3 R8d7 26. Re8+ Kg7 27. Ra8 a6 28. Rac8 Rb4 29. R8c3 Rd6 30. Ra1 Rd2 31. Ra3 Rb5 32. Kg2 Rb2 33. h3 Kg6 34. g4 f5 35. Kg3 Rd5 36. f3 Rd4 37. gxf5+ Kxf5 38. Rc5+ Kg6 39. f4 Rd3+ 40. Kg4 f5+ 41. Rxf5 Rg2+ 42. Kh4 Kxf5 43. Ra5+ Kf6 44. Rh5 Rgg3 45. Rh6+ Kf5 46. Rh5+ Kxf4 47. Rxh7 Rxh3# 0-1

[Event "World City of Silla"]
[Site "Silla"]
[Date "2020.09.21"]
[Round "2.1"]
[White "Palao, Adriana"]
[Black "Cebolla Ruiz, Anna"]
[Result "1-0"]
[WhiteElo "1936"]
[BlackElo "1189"]
[PlyCount "57"]
[EventDate "2020.09.21"]
[EventType "k.o. (blitz)"]
[EventRounds "4"]
[EventCountry "ESP"]
[SourceTitle "CBM 198 Extra"]
[Source "ChessBase"]
[SourceDate "2020.11.30"]
[SourceVersion "1"]
[SourceVersionDate "2020.11.30"]
[SourceQuality "1"]

1. e4 e6 2. d4 d5 3. e5 c5 4. c3 Nc6 5. Nf3 Qb6 6. a3 a5 7. Bd3 Nge7 8. Bc2 Bd7 9. 0-0 Ng6 10. a4 Be7 11. Na3 Rc8 12. Rb1 0-0 13. Be3 cxd4 14. Nxd4 Ncxe5 15. Nf5 Qd8 16. Nxe7+ Qxe7 17. f4 Nc6 18. Nb5 Rfd8 19. Qe2 e5 20. f5 Nf8 21. Bb6 Re8 22. Qh5 e4 23. Nc7 Red8 24. Nxd5 Qd6 25. Bxd8 Rxd8 26. f6 gxf6 27. Nxf6+ Kh8 28. Qxf7 Ne6 29. Qxh7# 1-0

[Event "Xativa Murta op 5th"]
[Site "Xativa"]
[Date "2019.07.17"]
[Round "4"]
[White "Cebolla Ruiz, Anna"]
[Black "Lluch Ventura, Enrique"]
[Result "0-1"]
[WhiteElo "1116"]
[BlackElo "1726"]
[PlyCount "146"]
[EventDate "2019.07.15"]
[EventType "swiss"]
[EventRounds "9"]
[EventCountry "ESP"]
[SourceTitle "EXT 2020"]
[Source "ChessBase"]
[SourceDate "2019.10.17"]
[SourceVersion "1"]
[SourceVersionDate "2019.10.17"]
[SourceQuality "1"]

1. d4 Nf6 2. c4 e6 3. Nf3 b6 4. Bg5 Bb4+ 5. Nbd2 h6 6. Bh4 Bb7 7. e3 0-0 8. Bd3 Be7 9. 0-0 d6 10. Bxf6 Bxf6 11. Be4 d5 12. cxd5 exd5 13. Bf5 Nd7 14. Qa4 c6 15. e4 b5 16. Qb3 Nb6 17. e5 Bg5 18. e6 Qf6 19. exf7+ Rxf7 20. Bc2 Raf8 21. Qd3 g6 22. Qxg6+ Rg7 23. Qxf6 Bxf6 24. Rfe1 Bc8 25. Kf1 Kh8 26. Ne5 Rfg8 27. g3 Bh3+ 28. Kg1 h5 29. Nxc6 Rc8 30. Nb4 a5 31. Nxd5 Nxd5 32. Be4 Nb4 33. Nf3 Nc2 34. Bxc2 Rxc2 35. d5 Rd7 36. Rad1 Rc5 37. d6 Rc6 38. Ne5 Bxe5 39. Rxe5 Bg4 40. Rdd5 Bf3 41. Rc5 Rxc5 42. Rxc5 Rxd6 43. Rc1 Rd1+ 44. Rxd1 Bxd1 45. Kg2 Kg7 46. f4 Bg4 47. h3 Be6 48. a3 Kf6 49. g4 hxg4 50. hxg4 Bxg4 51. Kf2 Be6 52. Ke3 a4 53. Kd4 Kf5 54. Ke3 Bc4 55. Kf3 Bd5+ 56. Ke3 Kg4 57. Kd4 Bc4 58. Ke4 Kg3 59. Ke3 Kg2 60. Kd4 Kf3 61. f5 Kf4 62. f6 Kf5 63. f7 Bxf7 64. Kc5 Bc4 65. Kd4 Kf4 66. Kc3 Ke3 67. Kc2 Kd4 68. Kd2 Be6 69. Kc2 Bf5+ 70. Kd2 Kc4 71. Ke3 Kb3 72. Kd4 Be6 73. Kc5 Bc4 0-1